| 000 | 00827nam a22002297a 4500 | ||
|---|---|---|---|
| 999 |
_c15123 _d15123 |
||
| 003 | OSt | ||
| 082 | _2631.587 ASW/DE | ||
| 088 | _aP 334 | ||
| 100 |
_aASWATHI P. V _93509 |
||
| 245 | _aDevelopment and performance evaluation of an aquaponic system | ||
| 260 |
_aTavanur 2016 _bDepartment of Irrigation & Drainage Engineering |
||
| 300 | _a47 | ||
| 500 | _aDevelopment and performance evaluation of an aquaponic system | ||
| 520 | _aDevelopment and performance evaluation of an aquaponic system | ||
| 650 |
_aAquaponics system/ Hydroponics/ Aquaculture elements _93510 |
||
| 700 |
_aAthul Krishna M. M _93511 |
||
| 700 |
_aMohammad Suhail _93512 |
||
| 700 |
_aKurias Thomas _93513 |
||
| 700 |
_aDr. Sasikala D (Guide) _93514 |
||
| 856 | _uhttps://drive.google.com/open?id=1vPvDPZRywMvMRC5VV1pYxeCRHPID5UAM | ||
| 942 | _cPR | ||